000 00294nam a2200121Ia 4500
008 191201s2019 xx 000 0 und d
100 _aMOTHE, Madhusudan
245 0 _aC++Programming a prctical approach
250 _a1st imp
260 _bPearson
_aNEW DELHI
300 _a453
942 _2ddc
_cBK
999 _c7990
_d7990